000
00237nam a2200097Ia 4500
082
_a
EF MICH
245
0
_a
Expiry date
100
_a
MICHIE, David London, 2003
_9
93895
942
_c
BK
008
210817s9999 xx 000 0 und d
999
_c
383980
_d
383979